[Event "15th London Classic Open"]
[Site "London ENG"]
[Date "2025.11.28"]
[Round "2.6"]
[White "Harvey, Marcus R"]
[Black "Smirin, Ilia"]
[Result "1-0"]
[WhiteTitle "IM"]
[BlackTitle "GM"]
[WhiteElo "2438"]
[BlackElo "2554"]
[WhiteFideId "400092"]
[BlackFideId "2801990"]
[EventDate "2025.11.27"]

1. g3 e5 2. Nf3 e4 3. Nh4 d5 4. d3 Nf6 5. dxe4 Nxe4 6. Nd2 Nf6 7. Bg2 Be7 8. O-O
O-O 9. c4 d4 10. Nb3 c5 11. e3 d3 12. Nf3 Nc6 13. Ne1 Be6 14. Nd2 Qd7 15. b3
Rfd8 16. Bb2 a5 17. a4 Nb4 18. Bc3 Bh3 19. Qf3 Bxg2 20. Kxg2 Ra6 21. Rd1 Ne8 22.
Bxb4 axb4 23. Ne4 f5 24. Nxc5 Bxc5 25. Nxd3 Qc6 26. Nxc5 Rxd1 27. Rxd1 Qxc5 28.
Qxb7 Rd6 29. Rxd6 Nxd6 30. Qa8+ Kf7 31. a5 Nc8 32. a6 Kf6 33. Qb7 h6 34. Kf1 Na7
35. Ke2 g6 36. f3 h5 37. h4 Nc8 38. Qd5 Qc7 39. c5 Qa5 40. Qc6+ Ke7 41. Qxc8
Qa2+ 42. Kd3 Qxb3+ 43. Kd4 Qc3+ 44. Kd5 Qb3+ 45. Kc6 Qa4+ 46. Kc7 b3 47. Qd8+
Kf7 48. Qd7+ Qxd7+ 49. Kxd7 b2 50. a7 b1=Q 51. a8=Q Qd3+ 52. Kc7 Qxe3 53. Qd5+
Ke7 54. Qd6+ Kf7 55. c6 Qxf3 56. Kd8 Qe4 57. Kc8 Qf3 58. Qd7+ Kf8 59. Kb8 Qb3+
60. Qb7 Qxg3+ 61. c7 Ke7 62. Qb4+ Kd7 63. Qb5+ Ke7 64. Qc5+ Ke8 65. Ka7 1-0

[Event "15th London Classic Open"]
[Site "London ENG"]
[Date "2025.11.28"]
[Round "2.7"]
[White "Kazarian, Anna-Maja"]
[Black "Khachatouri, Saro"]
[Result "1-0"]
[WhiteTitle "FM"]
[WhiteElo "2224"]
[BlackElo "2100"]
[WhiteFideId "1033689"]
[BlackFideId "1638076"]
[EventDate "2025.11.27"]

1. e4 d6 2. d4 Nf6 3. Nc3 e5 4. Nf3 Nbd7 5. Bc4 Be7 6. O-O O-O 7. Re1 c6 8. a4
b6 9. Be3 Ng4 10. Bd2 exd4 11. Nxd4 Nde5 12. Be2 c5 13. Nf5 Bxf5 14. exf5 Nf6
15. f4 Nc6 16. Bf3 d5 17. g4 Nd4 18. Bg2 h6 19. g5 Ne4 20. Nxe4 dxe4 21. Bxe4
Bd6 22. c3 hxg5 23. cxd4 gxf4 24. Qh5 Qf6 25. Kh1 Rae8 26. Ra3 Rxe4 27. Rxe4 g6
28. fxg6 fxg6 29. Qd5+ Kg7 30. Re6 1-0

[Event "15th London Classic Open"]
[Site "London ENG"]
[Date "2025.11.28"]
[Round "2.8"]
[White "Sanal, Vahap"]
[Black "Wang, Hao(ZJ)"]
[Result "1-0"]
[WhiteTitle "GM"]
[BlackTitle "IM"]
[WhiteElo "2546"]
[BlackElo "2424"]
[WhiteFideId "6300545"]
[BlackFideId "8631859"]
[EventDate "2025.11.27"]

1. e4 e5 2. Nf3 Nf6 3. Nxe5 d6 4. Nf3 Nxe4 5. d4 d5 6. Bd3 Bf5 7. O-O Be7 8. Re1
Nc6 9. Nc3 Nxc3 10. bxc3 Bxd3 11. cxd3 O-O 12. Rb1 Rb8 13. Bf4 Re8 14. Qb3 b6
15. Re3 Qd7 16. Rbe1 Rbd8 17. Qa4 a5 18. Kf1 Kf8 19. g4 Rc8 20. c4 Red8 21. Qb5
Bb4 22. R1e2 Ne7 23. Qxd7 Rxd7 24. Rc2 Nc6 25. c5 bxc5 26. dxc5 d4 27. Re4 Bc3
28. Ne5 Nxe5 29. Rxe5 f6 30. Re6 c6 31. Rce2 Kf7 32. Bd6 Rcd8 33. f4 Ra8 34.
Re7+ Rxe7 35. Rxe7+ Kg8 36. a4 h5 37. h3 Kh7 38. Kg2 hxg4 39. hxg4 Rc8 40. Kf3
Kg6 41. f5+ Kh6 42. Bf4+ Kh7 43. g5 fxg5 44. Be5 Rg8 45. Kg4 Bb4 46. Bxd4 Rd8
47. Rxg7+ Kh6 48. Rg6+ Kh7 49. Rd6 1-0

[Event "15th London Classic Open"]
[Site "London ENG"]
[Date "2025.11.28"]
[Round "2.9"]
[White "Tulchynskyi, Feliks"]
[Black "Gavrilescu, David"]
[Result "0-1"]
[WhiteTitle "IM"]
[BlackTitle "GM"]
[WhiteElo "2409"]
[BlackElo "2542"]
[WhiteFideId "34127895"]
[BlackFideId "1227190"]
[EventDate "2025.11.27"]

1. d4 d5 2. c4 e6 3. Nc3 c6 4. e4 dxe4 5. Nxe4 Bb4+ 6. Bd2 Qxd4 7. Bxb4 Qxe4+ 8.
Ne2 Nd7 9. Qd6 Qe5 10. Qd2 Ngf6 11. O-O-O c5 12. Bc3 Qc7 13. Qg5 Rg8 14. Ng3 b6
15. Be2 Bb7 16. Bh5 h6 17. Qe3 g6 18. Bf3 O-O-O 19. Bxb7+ Qxb7 20. Qxh6 Ne4 21.
Nxe4 Qxe4 22. Rd2 Qxc4 23. Rhd1 b5 24. Qh7 Nb8 25. Kb1 Qe4+ 26. Kc1 Qc4 27. Kb1
Nc6 28. Qxf7 Rxd2 29. Qxg8+ Rd8 30. Rxd8+ Nxd8 31. Qxg6 Qf1+ 32. Kc2 Qxf2+ 33.
Kc1 b4 34. Bg7 Qe1+ 35. Kc2 Nc6 36. b3 Qe2+ 37. Kb1 Kb7 38. Qc2 Qf1+ 39. Kb2 e5
40. Qe4 Qf2+ 41. Qc2 Qd4+ 42. Kb1 Qg1+ 43. Kb2 a5 44. a4 Qxh2 45. Bf8 c4 46.
bxc4 e4 47. Ka2 Qe5 48. Qd1 Nd4 49. Qg4 b3+ 50. Kb1 Ne6 51. Bh6 Qd4 52. Qe2 Qg1+
53. Kb2 Nc5 54. Qd2 Nxa4+ 55. Kxb3 Nb6 56. Ka2 Qc5 57. Qe2 Qc6 58. c5 Nd5 59.
Bg7 e3 60. Qc4 Nb4+ 61. Kb3 Qg6 62. c6+ Nxc6 63. Qb5+ Kc8 64. Qa6+ Kc7 65. Bc3
Nd4+ 0-1

[Event "15th London Classic Open"]
[Site "London ENG"]
[Date "2025.11.28"]
[Round "2.10"]
[White "Maze, Sebastien"]
[Black "Efroimski, Marsel"]
[Result "1-0"]
[WhiteTitle "GM"]
[BlackTitle "IM"]
[WhiteElo "2534"]
[BlackElo "2384"]
[WhiteFideId "613762"]
[BlackFideId "2810964"]
[EventDate "2025.11.27"]

1. e4 c5 2. Nf3 Nc6 3. Bb5 g6 4. Bxc6 bxc6 5. O-O Bg7 6. Re1 Qc7 7. c3 d6 8. h3
Nf6 9. d4 cxd4 10. cxd4 O-O 11. Nc3 c5 12. e5 dxe5 13. dxe5 Rd8 14. Qa4 Nh5 15.
Bd2 Bb7 16. Ne4 Rd3 17. Rac1 Bxe4 18. Qxe4 Rad8 19. Be3 Bf8 20. Rxc5 Qd7 21. e6
Qxe6 22. Qxe6 fxe6 23. Ra5 Bg7 24. Bc1 R8d7 25. Kf1 R3d5 26. Ra4 e5 27. Rb4 Nf4
28. Rb8+ Rd8 29. Rxd8+ Rxd8 30. Bxf4 exf4 31. Rxe7 Bxb2 32. Rxa7 Rc8 33. a4 Rc1+
34. Ke2 Rc2+ 35. Kd3 Rxf2 36. a5 Bc1 37. Rc7 Be3 38. Rc2 Rxc2 39. Kxc2 Kf7 40.
Kd3 Ke6 41. Ke4 h6 42. a6 Ba7 43. Nd4+ 1-0

[Event "15th London Classic Open"]
[Site "London ENG"]
[Date "2025.11.28"]
[Round "2.11"]
[White "Cornette, Matthieu"]
[Black "Bhagat Kush"]
[Result "1/2-1/2"]
[WhiteTitle "GM"]
[BlackTitle "FM"]
[WhiteElo "2517"]
[BlackElo "2381"]
[WhiteFideId "620084"]
[BlackFideId "46672940"]
[EventDate "2025.11.27"]

1. e4 c5 2. Nf3 e6 3. Nc3 Nc6 4. Bb5 Nd4 5. O-O a6 6. Bd3 Nc6 7. e5 d6 8. exd6
Bxd6 9. Re1 Nf6 10. Ne4 Be7 11. Nxf6+ Bxf6 12. Be4 Qc7 13. c3 O-O 14. d3 Rd8 15.
h4 b6 16. Bg5 Bb7 17. Bxf6 gxf6 18. Qd2 Kg7 19. Nh2 Ne5 20. Qf4 Bxe4 21. Rxe4
Qe7 22. Re3 Kh8 23. Qe4 Rd5 24. Nf3 Rad8 25. c4 Nxf3+ 26. Qxf3 Rd4 27. g3 Kg7
28. Rae1 Qd6 29. Qb7 Rd7 30. Qxa6 Rxd3 31. Rxd3 1/2-1/2

[Event "15th London Classic Open"]
[Site "London ENG"]
[Date "2025.11.28"]
[Round "2.12"]
[White "Korshunov, Sergey And."]
[Black "Rozen, Eytan"]
[Result "0-1"]
[WhiteTitle "FM"]
[BlackTitle "IM"]
[WhiteElo "2377"]
[BlackElo "2515"]
[WhiteFideId "34274715"]
[BlackFideId "2816750"]
[EventDate "2025.11.27"]

1. Nf3 Nf6 2. c4 g6 3. b3 Bg7 4. Bb2 d6 5. g3 e5 6. d3 c5 7. Bg2 Nc6 8. O-O Bg4
9. h3 Bxf3 10. Bxf3 Qd7 11. Bg2 d5 12. Nc3 d4 13. Na4 b6 14. b4 cxb4 15. a3 b3
16. Qxb3 O-O 17. Bc1 Rac8 18. Rb1 e4 19. c5 b5 20. Nb2 Nd5 21. Bxe4 Nc3 22. Bd2
Qxh3 23. Bxc3 dxc3 24. Bxc6 Rxc6 25. Qxb5 Re6 26. Nc4 Rxe2 27. Rbe1 Bd4 28. Rxe2
Qxg3+ 29. Kh1 Qh3+ 30. Kg1 Qg4+ 31. Kh1 Qxe2 32. Kg2 Qxf1+ 0-1

[Event "15th London Classic Open"]
[Site "London ENG"]
[Date "2025.11.28"]
[Round "2.13"]
[White "Chasin, Nico"]
[Black "Sammed Jaykumar, Shete"]
[Result "1-0"]
[WhiteTitle "IM"]
[BlackTitle "IM"]
[WhiteElo "2512"]
[BlackElo "2377"]
[WhiteFideId "30908477"]
[BlackFideId "5073421"]
[EventDate "2025.11.27"]

1. d4 Nf6 2. c4 e6 3. Nc3 d5 4. cxd5 exd5 5. Bg5 Be7 6. e3 O-O 7. Bd3 Nbd7 8.
Nf3 Re8 9. O-O c6 10. Qc2 a5 11. h3 Nf8 12. Rfe1 Nh5 13. Bxe7 Rxe7 14. a3 Nf6
15. b4 axb4 16. axb4 Bd7 17. b5 Be8 18. Qb2 Rc8 19. b6 N6d7 20. Reb1 f6 21. e4
Bg6 22. Nh4 dxe4 23. Nxg6 Nxg6 24. Nxe4 Ndf8 25. Bc4+ Kh8 26. Nc5 Nf4 27. Re1
Rb8 28. Qd2 Rxe1+ 29. Rxe1 N4g6 30. Qa5 Nd7 31. Nxd7 Qxd7 32. Qa7 Qd6 33. d5 Ne5
34. dxc6 Nxc6 35. Qa4 Ne5 36. Qb5 Qd2 37. Re4 h6 38. Bd5 Rc8 39. Re3 f5 40. Bxb7
Rc1+ 41. Kh2 1-0

[Event "15th London Classic Open"]
[Site "London ENG"]
[Date "2025.11.28"]
[Round "2.14"]
[White "Kanyamarala, Tarun"]
[Black "Fodor, Tamas Jr."]
[Result "1/2-1/2"]
[WhiteTitle "IM"]
[BlackTitle "GM"]
[WhiteElo "2376"]
[BlackElo "2508"]
[WhiteFideId "45004714"]
[BlackFideId "723762"]
[EventDate "2025.11.27"]

1. e4 e5 2. Nf3 Nc6 3. Nc3 Nf6 4. d4 exd4 5. Nxd4 Bb4 6. Nxc6 bxc6 7. Bd3 d5 8.
Bd2 O-O 9. O-O Bxc3 10. Bxc3 Nxe4 11. Bxe4 dxe4 12. Qxd8 Rxd8 13. Ba5 Bf5 14.
Bxc7 Rd2 1/2-1/2

[Event "15th London Classic Open"]
[Site "London ENG"]
[Date "2025.11.28"]
[Round "2.15"]
[White "Mikhalevski, Victor"]
[Black "Flear, Glenn C"]
[Result "1/2-1/2"]
[WhiteTitle "GM"]
[BlackTitle "GM"]
[WhiteElo "2504"]
[BlackElo "2376"]
[WhiteFideId "2801914"]
[BlackFideId "400165"]
[EventDate "2025.11.27"]

1. c4 e6 2. g3 d5 3. Bg2 dxc4 4. Qa4+ c6 5. Qxc4 b5 6. Qc2 Bb7 7. a4 a6 8. Nh3
Nd7 9. d4 Rc8 10. O-O Qb6 11. Be3 c5 12. dxc5 Bxc5 13. Bxb7 Qxb7 14. Nc3 Bxe3
15. fxe3 Ngf6 16. axb5 axb5 17. Qd3 O-O 18. Ra5 Nc5 19. Rxb5 Nxd3 20. Rxb7 Nxb2
21. Rxb2 Rxc3 22. Rf3 Ne4 23. Nf2 Ng5 24. Rf4 Rxe3 25. Ra4 h6 26. Kg2 Rc3 27.
Ne4 Nxe4 28. Rxe4 Rfc8 29. Reb4 Kh7 30. Rb8 Rxb8 31. Rxb8 g5 32. Rb4 Kg6 33. h4
Kh5 34. hxg5 hxg5 35. Re4 f5 36. g4+ fxg4 37. Rxe6 Ra3 1/2-1/2

[Event "15th London Classic Open"]
[Site "London ENG"]
[Date "2025.11.28"]
[Round "2.16"]
[White "Willems, Niels"]
[Black "Fernandez, Daniel Howard"]
[Result "0-1"]
[WhiteTitle "FM"]
[BlackTitle "GM"]
[WhiteElo "2368"]
[BlackElo "2501"]
[WhiteFideId "20695586"]
[BlackFideId "5801605"]
[EventDate "2025.11.27"]

1. c4 e5 2. Nc3 Bb4 3. Qc2 Nf6 4. Nf3 Qe7 5. e3 O-O 6. Be2 d6 7. O-O e4 8. Ng5
Bxc3 9. Qxc3 h6 10. Nh3 Bxh3 11. gxh3 Qe6 12. Kg2 Nc6 13. b3 Ne5 14. Bb2 Nh7 15.
f4 exf3+ 16. Bxf3 Ng5 17. Bxb7 Rab8 18. Bd5 Qxh3+ 19. Kh1 Kh8 20. Bg2 Qh5 21.
Qd4 f6 22. Bc3 Rbe8 23. Qf4 Ng6 24. Qg3 Nh4 25. Rf4 Nxg2 26. Qxg2 Re7 27. Raf1
Rfe8 28. Qg4 Qxg4 29. Rxg4 Ne4 30. Ba5 Re5 31. Bxc7 Nxd2 32. Rd1 Ne4 33. Rf4 g5
34. Rff1 R5e6 35. Rd4 Kg7 36. Rf5 Rc8 37. Ba5 Kg6 38. Rfd5 h5 39. Kg2 h4 40. Bb4
Rce8 41. Ra5 Nc5 42. Bd2 Re4 43. Rxe4 Nxe4 44. Be1 Re7 45. Rd5 f5 46. b4 Kf6 47.
b5 Rc7 48. Rd4 d5 49. cxd5 Rc2+ 50. Kg1 Ke5 51. Rd1 Rxa2 52. Bb4 h3 53. d6 Rg2+
54. Kf1 Rxh2 55. Rd5+ Kxd5 56. d7 Kc4 57. d8=Q Rf2+ 58. Ke1 h2 59. Qd4+ Kxb5 60.
Qd5+ Kxb4 61. Qd4+ Kb3 62. Qd5+ Kb2 63. Qd4+ Nc3 64. Qb4+ Kc2 65. Qb7 Rd2 0-1

[Event "15th London Classic Open"]
[Site "London ENG"]
[Date "2025.11.28"]
[Round "2.17"]
[White "Ghasi, Ameet K"]
[Black "Golding, Alex"]
[Result "1/2-1/2"]
[WhiteTitle "GM"]
[BlackTitle "IM"]
[WhiteElo "2500"]
[BlackElo "2370"]
[WhiteFideId "409200"]
[BlackFideId "427241"]
[EventDate "2025.11.27"]

1. Nf3 d5 2. c4 e6 3. g3 Nc6 4. Bg2 Nf6 5. O-O Bd6 6. d4 O-O 7. Nbd2 Ne4 8. Qc2
f5 9. a3 Be7 10. cxd5 exd5 11. b4 a6 12. Bb2 Be6 13. Rac1 Qe8 14. e3 g5 15. Ne1
Bd6 16. Nd3 Rd8 17. f3 Nxd2 18. Qxd2 Qh5 19. e4 f4 20. g4 Qe8 21. e5 Be7 22. a4
Rc8 23. Rfe1 Nd8 24. Qc2 Kg7 25. Qb3 h5 26. h3 hxg4 27. hxg4 Rh8 28. Nc5 Bxc5
29. Rxc5 c6 30. Qd3 Bd7 31. Rc2 Ne6 32. Bf1 Qe7 33. Ba3 b5 34. Ree2 Be8 35. Qc3
Bg6 36. Rcd2 Qb7 37. a5 1/2-1/2

[Event "15th London Classic Open"]
[Site "London ENG"]
[Date "2025.11.28"]
[Round "2.18"]
[White "Li, Guohao"]
[Black "Royal, Shreyas"]
[Result "1/2-1/2"]
[BlackTitle "GM"]
[WhiteElo "2348"]
[BlackElo "2495"]
[WhiteFideId "8619999"]
[BlackFideId "448869"]
[EventDate "2025.11.27"]

1. e4 c5 2. Nf3 Nc6 3. Bb5 g6 4. O-O Bg7 5. Re1 e5 6. c3 Nge7 7. d3 a6 8. Ba4 b5
9. Bb3 O-O 10. a4 Bb7 11. Be3 d6 12. Qc1 Re8 13. Ng5 c4 14. Ba2 d5 15. Rd1 Na5
16. Na3 b4 17. dxc4 bxa3 18. b4 Nxc4 19. Bxc4 Qc7 20. Bb3 Red8 21. a5 Rd7 22.
exd5 Nxd5 23. Qxa3 Nxe3 24. fxe3 Bh6 25. h4 Rad8 26. Qb2 Bd5 27. c4 Bxg5 28.
hxg5 Be4 29. c5 Rxd1+ 30. Rxd1 Rxd1+ 31. Bxd1 Qd8 32. Bb3 Qxg5 33. Qf2 Qe7 34.
Bc4 Bb7 35. Qf1 Kg7 36. Bxa6 Bxa6 37. Qxa6 Qh4 38. c6 1/2-1/2

[Event "15th London Classic Open"]
[Site "London ENG"]
[Date "2025.11.28"]
[Round "2.19"]
[White "Travadon, Loic"]
[Black "Otsuka, Shou"]
[Result "1-0"]
[WhiteTitle "IM"]
[BlackTitle "FM"]
[WhiteElo "2492"]
[BlackElo "2335"]
[WhiteFideId "26092131"]
[BlackFideId "7004702"]
[EventDate "2025.11.27"]

1. e4 e6 2. d4 d5 3. Nc3 Nf6 4. e5 Nfd7 5. f4 c5 6. Nf3 Nc6 7. Be3 Be7 8. Qd2 a6
9. Bd3 b5 10. O-O b4 11. Na4 c4 12. Be2 Nb6 13. Nxb6 Qxb6 14. b3 c3 15. Qe1 a5
16. Qg3 g6 17. Rae1 a4 18. Bd3 Ba6 19. Bxa6 Rxa6 20. f5 exf5 21. e6 fxe6 22. Bg5
Nxd4 23. Nxd4 Qxd4+ 24. Be3 Qf6 25. Bg5 Qd4+ 26. Be3 Qf6 27. Bg5 Qxg5 28. Qb8+
Kf7 29. Qxh8 Qh6 30. Qc8 Rd6 31. bxa4 Qd2 32. Qh8 Bf8 33. Rb1 Rd7 34. Qxh7+ Bg7
35. Rxb4 d4 36. Rb8 Qxc2 37. Re1 Qxa2 38. Qg8+ Kf6 39. Re8 Rf7 40. g4 g5 41. h4
d3 42. R1xe6+ Qxe6 43. hxg5+ Kxg5 44. Rxe6 c2 45. Rc6 Rd7 46. Qe6 d2 47. Qxf5+
Kh4 48. Kg2 1-0

[Event "15th London Classic Open"]
[Site "London ENG"]
[Date "2025.11.28"]
[Round "2.20"]
[White "Coicev, Matei-Andrei"]
[Black "Grieve, Harry"]
[Result "1/2-1/2"]
[WhiteTitle "FM"]
[BlackTitle "IM"]
[WhiteElo "2332"]
[BlackElo "2491"]
[WhiteFideId "1279688"]
[BlackFideId "426520"]
[EventDate "2025.11.27"]

1. e4 c5 2. Nf3 e6 3. c3 Nf6 4. e5 Nd5 5. d4 cxd4 6. cxd4 d6 7. Bc4 Be7 8. O-O
O-O 9. Qe2 dxe5 10. dxe5 Bd7 11. Bxd5 exd5 12. Nc3 Be6 13. Rd1 Nc6 14. Bf4 Qd7
15. Rd2 Bb4 16. a3 Bxc3 17. bxc3 Qe7 18. Qd3 f6 19. exf6 Qxf6 20. Ng5 Qf5 21.
Qxf5 Bxf5 22. Bg3 Rad8 23. Rad1 h6 24. Nf3 Be6 25. Nd4 Nxd4 26. Rxd4 Rc8 27.
R1d3 Rfe8 1/2-1/2

[Event "15th London Classic Open"]
[Site "London ENG"]
[Date "2025.11.28"]
[Round "2.21"]
[White "Wadsworth, Matthew J"]
[Black "Negrean, Andrei"]
[Result "1-0"]
[WhiteTitle "GM"]
[BlackTitle "FM"]
[WhiteElo "2487"]
[BlackElo "2334"]
[WhiteFideId "415804"]
[BlackFideId "1291513"]
[EventDate "2025.11.27"]

1. d4 Nf6 2. c4 e6 3. Nc3 Bb4 4. e3 c5 5. Ne2 d5 6. a3 Ba5 7. dxc5 dxc4 8. Bd2
O-O 9. Ng3 b6 10. Bxc4 bxc5 11. O-O Nbd7 12. Qc2 Bb7 13. Rfd1 Bc6 14. Bb5 Qb6
15. Bxc6 Qxc6 16. Nce4 Bxd2 17. Rxd2 Nd5 18. Rc1 Rfc8 19. Qd1 Rab8 20. Rdc2 c4
21. Qd4 Qb6 22. Nf5 exf5 23. Qxd5 fxe4 24. Qxd7 g6 25. Qd5 Qb7 26. Qxb7 Rxb7 27.
Rxc4 Rxc4 28. Rxc4 Rxb2 29. g4 f5 30. gxf5 gxf5 31. Rc7 a6 32. Rc6 a5 33. Rc5 f4
34. Rg5+ Kh8 35. exf4 Ra2 36. Rxa5 Kg7 37. Ra6 h5 38. h4 Kf7 39. Kf1 Kg7 40. Ke1
Rb2 41. a4 Rb1+ 42. Ke2 Rh1 43. Ke3 Rxh4 44. Kxe4 Rh3 45. Kf5 Rf3 46. Rg6+ Kf7
47. Kg5 Rxf2 48. f5 h4 49. Rh6 Rg2+ 50. Kxh4 Rg1 51. a5 Rg2 52. a6 Rg1 53. Rg6
Rf1 54. Kg5 Rg1+ 55. Kf4 Ra1 56. Rb6 Ke7 57. f6+ Kf7 58. Ke5 Re1+ 59. Kd5 Rd1+
60. Kc6 Kxf6 61. a7 Ra1 62. a8=Q Rxa8 63. Kb7+ 1-0

[Event "15th London Classic Open"]
[Site "London ENG"]
[Date "2025.11.28"]
[Round "2.22"]
[White "Banerjee, Supratit"]
[Black "Bazakutsa, Svyatoslav"]
[Result "1/2-1/2"]
[WhiteTitle "FM"]
[BlackTitle "IM"]
[WhiteElo "2323"]
[BlackElo "2478"]
[WhiteFideId "2410079"]
[BlackFideId "14198525"]
[EventDate "2025.11.27"]

1. e4 c5 2. Nf3 Nc6 3. Bb5 e6 4. O-O Nge7 5. Re1 Nd4 6. Nxd4 cxd4 7. c3 a6 8.
Bf1 Nc6 9. b4 Bd6 10. Bb2 dxc3 11. dxc3 Qc7 12. h3 O-O 13. Nd2 b6 14. Nf3 Bb7
15. a3 Ne5 16. c4 Nxf3+ 17. Qxf3 a5 18. Qc3 f6 19. Rad1 axb4 20. axb4 Rfd8 21.
Qd2 Bf8 22. e5 fxe5 23. Bxe5 d6 24. Bg3 e5 25. Bd3 Re8 26. Be4 Bxe4 27. Rxe4 b5
28. Qd5+ Qf7 29. cxb5 Qxd5 30. Rxd5 Kf7 31. f4 Ke6 32. Rd1 Reb8 33. fxe5 d5 34.
Rh4 Rxb5 35. Rxh7 Rxb4 36. Kh1 d4 37. Rh8 Rd8 38. Rh4 d3 39. Rh8 Rbb8 40. Rxf8
Rxf8 41. Rxd3 Rf1+ 42. Kh2 Rbb1 43. Bh4 Kxe5 1/2-1/2

[Event "15th London Classic Open"]
[Site "London ENG"]
[Date "2025.11.28"]
[Round "2.23"]
[White "Houska, Jovanka"]
[Black "Gordon, Stephen J"]
[Result "0-1"]
[WhiteTitle "IM"]
[BlackTitle "GM"]
[WhiteElo "2320"]
[BlackElo "2465"]
[WhiteFideId "405094"]
[BlackFideId "411477"]
[EventDate "2025.11.27"]

1. d4 Nf6 2. c4 e6 3. Nc3 Bb4 4. Nf3 b6 5. Bd2 O-O 6. g3 Ba6 7. b3 d5 8. cxd5
exd5 9. a3 Be7 10. Bg2 c5 11. O-O Nc6 12. dxc5 bxc5 13. Nh4 Rc8 14. Nf5 d4 15.
Na4 Re8 16. Re1 Bf8 17. e4 Ne5 18. Nb2 Qb6 19. Bf4 Nfd7 20. Bh3 Rb8 21. Nc4 Qxb3
22. Ncd6 Qxd1 23. Rexd1 Re6 24. Nxd4 cxd4 25. Bxe6 0-1

[Event "15th London Classic Open"]
[Site "London ENG"]
[Date "2025.11.28"]
[Round "2.24"]
[White "Greenfeld, Alon"]
[Black "Abdulla, Murad"]
[Result "1-0"]
[WhiteTitle "GM"]
[BlackTitle "FM"]
[WhiteElo "2465"]
[BlackElo "2324"]
[WhiteFideId "2800039"]
[BlackFideId "2403757"]
[EventDate "2025.11.27"]

1. d4 Nf6 2. Nf3 g6 3. g3 c5 4. c3 b6 5. Bg2 Bb7 6. Qb3 Qc8 7. O-O c4 8. Qc2 Bg7
9. Bg5 O-O 10. Nbd2 d6 11. e4 b5 12. h4 Re8 13. Rfe1 e5 14. b3 Nbd7 15. bxc4
bxc4 16. Bh3 exd4 17. Nxd4 Qc7 18. Rab1 Ne5 19. Nb5 Qc5 20. Be3 Qc6 21. Nxd6
Qxd6 22. Rxb7 Nfg4 23. Bxg4 Nxg4 24. Nxc4 Qc6 25. Qb3 Rxe4 26. Nd6 Ne5 27. Rxf7
Kh8 28. Nxe4 Qxe4 29. Rf4 Nf3+ 30. Rxf3 Qxf3 31. Bd4 Rf8 32. Qd1 Bxd4 33. Qxd4+
Kg8 34. Re7 Rf6 35. Re8+ 1-0

[Event "15th London Classic Open"]
[Site "London ENG"]
[Date "2025.11.28"]
[Round "2.25"]
[White "Manmay Chopra"]
[Black "Magold, Filip"]
[Result "1/2-1/2"]
[WhiteTitle "CM"]
[BlackTitle "IM"]
[WhiteElo "2142"]
[BlackElo "2465"]
[WhiteFideId "25649191"]
[BlackFideId "1254456"]
[EventDate "2025.11.27"]

1. Nf3 d5 2. g3 Bg4 3. Bg2 c6 4. h3 Bxf3 5. Bxf3 e5 6. d3 Nf6 7. O-O Be7 8. e4
dxe4 9. dxe4 O-O 10. a4 Nbd7 11. Qe2 Qc7 12. Be3 Rfd8 13. Qc4 Nf8 14. Nd2 Qd7
15. Bg2 Ne6 16. Nf3 Qc7 17. c3 h6 18. Nh4 b6 19. b4 Bf8 20. Rfd1 Rxd1+ 21. Rxd1
a6 22. Ng6 b5 23. Qa2 Bd6 24. Nh4 Kh7 25. c4 Rd8 26. axb5 axb5 27. cxb5 cxb5 28.
Qa6 Bxb4 29. Rxd8 Qxd8 30. Qxb5 Bc3 31. Qb7 Qd7 32. Qxd7 Nxd7 33. Nf5 h5 1/2-1/2

[Event "15th London Classic Open"]
[Site "London ENG"]
[Date "2025.11.28"]
[Round "2.26"]
[White "Czopor, Maciej"]
[Black "Verbytski, Oleg"]
[Result "1-0"]
[WhiteTitle "IM"]
[WhiteElo "2463"]
[BlackElo "2092"]
[WhiteFideId "21805431"]
[BlackFideId "495506"]
[EventDate "2025.11.27"]

1. e4 c5 2. Nc3 e6 3. Nf3 a6 4. d4 cxd4 5. Nxd4 b5 6. Bd3 Bb7 7. O-O d6 8. Qe2
Be7 9. a4 b4 10. Na2 a5 11. c3 bxc3 12. bxc3 Nd7 13. Rb1 Qc8 14. Ba3 Ngf6 15.
Nb5 Nc5 16. Bxc5 dxc5 17. c4 O-O 18. e5 Nd7 19. Nac3 Rd8 20. f4 Nb8 21. Ne4 Bc6
22. Ned6 Qd7 23. Bxh7+ Kf8 24. f5 1-0

[Event "15th London Classic Open"]
[Site "London ENG"]
[Date "2025.11.28"]
[Round "2.27"]
[White "Farberov, Maxim"]
[Black "Iniyan, Pa"]
[Result "0-1"]
[BlackTitle "GM"]
[WhiteElo "2133"]
[BlackElo "2601"]
[WhiteFideId "2070944"]
[BlackFideId "25002767"]
[EventDate "2025.11.27"]

1. e4 c5 2. Nf3 d6 3. d4 cxd4 4. Nxd4 Nf6 5. Nc3 a6 6. Bg5 Nbd7 7. Qe2 b5 8.
O-O-O Qc7 9. a3 e6 10. g4 Be7 11. f4 Rb8 12. Bxf6 Bxf6 13. g5 Bd8 14. Nf5 exf5
15. exf5+ Kf8 16. Re1 g6 17. Nd5 Qc5 18. Bg2 gxf5 19. Qh5 h6 20. gxh6 Qf2 21.
Re2 Qh4 22. Rhe1 Ne5 23. Qf3 Qxe1+ 0-1

[Event "15th London Classic Open"]
[Site "London ENG"]
[Date "2025.11.28"]
[Round "2.28"]
[White "Dobrosmyslov, Artem"]
[Black "Kraemer, Martin"]
[Result "0-1"]
[WhiteTitle "FM"]
[BlackTitle "GM"]
[WhiteElo "2254"]
[BlackElo "2571"]
[WhiteFideId "24139521"]
[BlackFideId "4671910"]
[EventDate "2025.11.27"]

1. e4 c6 2. d4 d5 3. exd5 cxd5 4. Bd3 Nc6 5. c3 e6 6. Bf4 Bd6 7. Bxd6 Qxd6 8.
Qg4 Kf8 9. Qh4 Nge7 10. f4 f6 11. Nh3 Nf5 12. Qf2 h5 13. Nd2 Bd7 14. Nf3 Be8 15.
Nh4 Nxh4 16. Qxh4 Ne7 17. O-O Bg6 18. Bxg6 Nxg6 19. Qg3 Ne7 20. Rae1 Nf5 21. Qd3
Re8 22. Qb5 Re7 23. Nf2 Qxf4 24. Ne4 Qc7 25. Nc5 Nd6 26. Qe2 e5 27. Nd3 exd4 28.
Qxe7+ Qxe7 29. Rxe7 Kxe7 30. Nf4 Kf7 31. cxd4 Rc8 32. Nxd5 Rc2 33. Rf2 Rc1+ 34.
Rf1 Rc2 35. Rf2 Rc4 36. Rf4 Nb5 37. Ne3 Rc1+ 38. Kf2 g5 39. Rf5 Nd6 40. Ra5 a6
41. h4 Rb1 42. Kf3 Nb5 43. hxg5 fxg5 44. Nc4 Nxd4+ 45. Ke3 Ne6 46. b3 Ke7 47.
Rf5 b5 48. Nd2 Re1+ 49. Kd3 Rg1 50. Nf3 Rxg2 51. a4 bxa4 52. bxa4 h4 53. Re5 Kf6
54. Ra5 h3 55. Rxa6 g4 56. Nd4 h2 57. Rxe6+ Kf7 58. Rh6 Rg3+ 59. Kc4 Rh3 60.
Rxh3 gxh3 0-1